000 00931nam a2200229 a 4500
001 BRCA_978
005 20190320203228.0
008 910730s1990 mx-a---##c---#000-0#spa-#
020 _a9688409022
040 _aDLC
_cDLC
041 _aspaengfre
050 4 _aNC1807.M4
_b.B54 1
_c1990
245 1 0 _a1 [i.e. Primera] Bienal Internacional del Cartel en México, 1990 = First International Biennial of the Poster in Mexico, 1990.
260 _aMéxico
_bTrama Visual AC : UAM
_c1990
300 _a189 p.
_bil. (algunas a color)
_c28 cm.
500 _aCatálogo de la exposición realizada en el Palacio de Mineria (Ciudad de México), noviembre-diciembre, 1990
546 _aTexto en : español, inglés y francés
650 1 4 _aCarteles
_vConcursos
_xDiseño
_zMéxico
_93222
650 1 4 _aDiseñadores gráficos
_vExposiciones
_zMéxico
_93223
740 0 _aFirst International Biennial of the Poster in Mexico, 1990
942 _2lcc
_cB
999 _c862
_d862